banner-ar

"PSYCHOLOGY OF PERSONAL ADJUSTMENT: STUDENTS"" INTRODUCTION TO MENTAL HYGIENE" / (Record no. 13371)

MARC details
000 -الفاتح
حقل البيانات ثابتة الطول 00552nam a2200193Ia 4500
008 - عناصر البيانات ثابتة الطول - معلومات عامة
حقل البيانات ثابتة الطول 140319s9999 xx 000 0 eng d
040 ## - مصدر الفهرسة
وكالة الفهرسة الأصلية GCL /
وكالة النسخ GCL
082 04 - رقم تصنيف ديوى العشرى
رقم التصنيف 155.24
رقم المادة M P
100 1# - المدخل الرئيسى - إسم شخصى
الإسم الشخصى MCKINNEY, FRED
245 10 - بيان العنوان
العنوان "PSYCHOLOGY OF PERSONAL ADJUSTMENT: STUDENTS"" INTRODUCTION TO MENTAL HYGIENE" /
بيان المسئوليه,etc MCKINNEY, FRED
260 ## - PUBLICATION, DISTRIBUTION, ETC. (IMPRINT)
تاريخ النشر أو التوزيع 1967
300 ## - الوصف المادى
التعداد 490 P
650 04 - المدخل الاضافى بالموضوع-مصطلح موضوعى
مصطلح موضوعي STUDENT ADJUSTMENT
650 04 - المدخل الاضافى بالموضوع-مصطلح موضوعى
مصطلح موضوعي ACCOMODATIONS
650 04 - المدخل الاضافى بالموضوع-مصطلح موضوعى
مصطلح موضوعي ADAPTATIONS
650 04 - المدخل الاضافى بالموضوع-مصطلح موضوعى
مصطلح موضوعي ADJUSTMENT
942 ## - عناصر المدخل الإضافي( كوها)
مصدر التصنيف او مخطط الترفيف Dewey Decimal Classification
Koha [default] item type كتاب
260 ## - PUBLICATION, DISTRIBUTION, ETC. (IMPRINT)
-- [S.N] :
-- JOHN WILEY AND SONS. INC ،
Holdings
حالة التراجع حالة الفقد حالة تلف ليس للاعارة المكان المؤقت الموقع الحالى تاريخ الاكتساب اجمالي اﻻعارات رقم الطلب الباركود تاريخ اخر مشاهدة تاريخ تفعيل السعر نوع وعاء كوها
        مكتبة القاهرة الكبرى مكتبة القاهرة الكبرى 03/26/2014   155.24\M P 25641 03/26/2014 03/26/2014 كتاب

Powered By

EGPV